Responses for Show #2539 - Thursday, September 21, 1995

Contestants

[<< previous game]

Nick Fox, a newspaper editor from New York City, New York

Keith Bush, a copy editor from Long Beach, California

Albina Moran, an administrative assistant from Cleveland Heights, Ohio (whose 3-day cash winnings total $36,900)

[next game >>]

Jeopardy! Round responses

GEOGRAPHY
OCCUPATIONS
QUOTATIONS
NOTORIOUS
DINOSAURS
DISNEY FILMS
    $100 1
Chile

Keith
    $100 12
brewers

Keith
    $100 6
everything in its place

Keith
    $100 11
the Hatfields & McCoys

Nick
    $100 21
Yale

Keith
    $100 26
Bambi

Albina
    $200 2
Asia

Keith
    $200 13
meat

Nick
    $200 7
Gertrude Stein

Keith
    $200 17
Patty Hearst

Albina
    $200 22
vertebrae

Keith
    $200 27
a warthog

Keith
    $300 3
Ghana

Keith
    $300 14
astrologers

Keith
    $300 8
the vice presidency

Keith
    $300 18
Howard Hughes

Nick
    $300 23
Tyrannosaurus

Nick
    $300 28
Jungle Book

Nick
    $400 4
Berlin

Keith
    $400 15
an agent

Nick
    $400 9
a violinist

Albina
    $400 19
New York

Nick
    $400 24
the ostrich

Albina
    $400 29
Honey, I Shrunk the Kids

Albina
    $500 5
(Nick: What is Latvia?)

Estonia

Nick
Triple Stumper
    $500 16
jockey

Nick
    $500 10
reading

Keith
    $500 20
the Boston Strangler

Keith
    $800 25
the Mesozoic

Albina
    $500 30
Babes in Toyland

Nick

Scores at the first commercial break (after clue 15):

Albina Keith Nick
$400 $2,500 $200

Scores at the end of the Jeopardy! Round:

Albina Keith Nick
$2,300 $3,500 $2,500

Double Jeopardy! Round responses

HISTORY
TELEVISION
NOTABLE PEOPLE
WOODWINDS
BRITISH AUTHORS
WHAT'S IN A NAME?
    $200 2
Frederick the Great

Albina
    $200 11
60 Minutes

Keith
    $200 16
Ferdinand

Albina
    $200 21
a flute

Keith
    $200 1
Tolkien

Keith
    $200 22
Bunny

Albina
    $400 4
(Nick: Who is Lafayette?)

Napoleon

Nick
Triple Stumper
    $400 12
Cagney & Lacey

Keith
    $2,000 17
(Albina: Who is Nixon?)

Hubert Humphrey

Albina
    $400 23
(Nick: What's the yam?)
...
(Alex: [After Albina called the next clue] About a minute to go.)

an ocarina

AlbinaNick
    $400 3
Charlotte Bronte

Keith
    $400 26
Catherine

Albina
    $600 5
Persia

Keith
    $600 13
Married... with Children

Albina
    $600 18
El Greco

Albina
    $600 24
a saxophone

Keith
    $600 8
(Keith: Who is, uh...)

George Orwell

AlbinaNick
    $600 27
Iago

Keith
    $800 6
(Keith: What is Spain?)

Portugal

AlbinaKeith
    $800 14
(Albina: What is, um, Prince of Beverly Hills?)
...
(Alex: Wrong place, Albina. Close.)
[Laughter]

The Fresh Prince of Bel-Air

AlbinaNick
    $800 19
Wernher von Braun

Nick
    $1,000 25
a bassoon

Keith
    $800 9
(James) Herriot

Keith
    $800 28
Leilani

Nick
    $1000 7
Madame Pompadour

Nick
    $1000 15
Julia

Nick
    $1000 20
(Nick: Who, uh... who is Perry?)
(Alex: Which one?)

Oliver Hazard Perry

Nick
    $1000 10
(Douglas) Adams

Keith
    $1000 29
[The end-of-round signal sounds.]

zeta

Keith

Scores at the end of the Double Jeopardy! Round:

Albina Keith Nick
$3,500 $9,700 $6,500

[wagering suggestions for these scores]

Final Jeopardy! Round responses

U.S.A.
(Alex: The [**] is acceptable; it also contains the [*].)
AlbinaWhat is the great seal of the U S A?
$3,000
NickWhat is the dollar
$6,499
KeithWhat is the Great Seal of the U.S.?
$3,400
*the Great Seal of the U.S. (**the dollar)

Final scores:

Albina Keith Nick
$6,500 $13,100 $12,999
3rd place: Delonghi espresso machine + Jeopardy! Sports Edition for home computer or Super Nintendo New champion: $13,100 2nd place: Zodiac Swiss watch & Hammerman seahorse earrings

Game dynamics:

Coryat scores:

Albina Keith Nick
$5,200 $9,500 $6,500
15 R
(including 1 DD),
2 W
(including 1 DD)
26 R
(including 1 DD),
1 W
15 R,
4 W

Combined Coryat: $21,200

[game clues] [game scores] [suggest correction]

Game tape date: Unknown
The J! Archive is created by fans, for fans. Scraping, republication, monetization, and malicious use prohibited; this site may use cookies and collect identifying information. See terms. The Jeopardy! game show and all elements thereof, including but not limited to copyright and trademark thereto, are the property of Jeopardy Productions, Inc. and are protected under law. This website is not affiliated with, sponsored by, or operated by Jeopardy Productions, Inc. Join the discussion at JBoard.tv.